Normal view
MARC view
- Shariq
Entry Personal Name
001 - CONTROL NUMBER
- control field: 25974
003 - CONTROL NUMBER IDENTIFIER
- control field: NUST
005 - DATE AND TIME OF LATEST TRANSACTION
- control field: 20191121101451.0
008 - FIXED-LENGTH DATA ELEMENTS
- fixed length control field: 191121|| aca||aabn | a|a d
040 ## - CATALOGING SOURCE
- Original cataloging agency: NUST
- Transcribing agency: NUST
100 ## - HEADING--PERSONAL NAME
- Personal name: Shariq
670 ## - SOURCE DATA FOUND
- Source citation: Work cat.: (NUST): Muhammad Hussnain Shamim. 25973, Impact of Exchange Rate on Cash flows of Multi-National Banks in Pakistan /, 2013.
